000 00642cam a2200205 4500500
005 20260405000647.0
041 _afre
042 _adc
100 1 0 _aZysset, Alain
_eauthor
245 0 0 _aLes grands courants de la philosophie politique américaine
260 _c2008.
500 _a31
690 _aIndividualisme
690 _aLibéralisme
690 _aLibertarisme
690 _aNéoconservatisme
690 _aRépublicanisme
786 0 _nPhilosophie magazine | 24 | 11 | 2008-11-01 | p. 16-16 | 1951-1787
856 4 1 _uhttps://shs.cairn.info/magazine-philosophie-magazine-2008-11-page-16?lang=fr&redirect-ssocas=7080
999 _c2039457
_d2039457